Expansion of the United Nations: 2000 - - Statistics

General Stats
  • This quiz has been taken 49 times
  • The average score is 4 of 6
Answer Stats
Year Joined Answer % Correct
2011 South Sudan
98%
2002 East Timor
73%
2006 Montenegro
66%
2000 Serbia
59%
2002 Switzerland
59%
2000 Tuvalu
24%
No matching quizzes found
Score Distribution
Percent of People with Each Score
Percentile by Number Answered
Your Score History
You have not taken this quiz